| 000 | 01093cam a2200325Mi 4500 | ||
|---|---|---|---|
| 001 | ocn863715694 | ||
| 003 | Co-BoUCM | ||
| 005 | 20171108145058.0 | ||
| 006 | m o d | ||
| 007 | cr cn||||||||| | ||
| 008 | 171108s2013 sp rb 001 0 spa d | ||
| 020 | _a9788490299159 | ||
| 020 | _z8490299153 | ||
| 020 | _z9788490290293 | ||
| 035 | _a(OCoLC)863715694 | ||
| 040 |
_aCo-BoUCM _bspa _cSaul Niño _dSaul Niño |
||
| 041 | 0 | _aspa | |
| 245 | 0 | 0 |
_aHistoria de Japón _beconomía, política y sociedad _cOriol Junqueras i Vies ... [y otros.] ; prólogo de Carles Prado-Fonts |
| 260 |
_aBarcelona _bEditorial UOC _c2012 |
||
| 300 | _a341 páginas | ||
| 650 | 1 | 7 |
_926507 _aHistoria de Asia |
| 651 | 0 |
_aJapón _xHistoria _945585 |
|
| 651 | 0 |
_aJapón _xCondiciones económicos _988673 |
|
| 651 | 0 |
_aJapón _xCondiciones Políticas _988674 |
|
| 651 | 0 |
_aJapón _xCondiciones sociales _979770 |
|
| 700 | 1 |
_aJunqueras i Vies, Oriol _988675 |
|
| 700 | 1 |
_aPrado-Fonts, Carles _eprólogo _988676 |
|
| 942 |
_2DEWEY _a21 _cLIBRORESER _e1 _h952 _mH673j |
||
| 999 |
_c307678 _d307678 |
||